[Event "Titled Tuesday intern op 20th Jun Early"]
[Site "Chess.com INT"]
[Date "2023.06.20"]
[Round "10"]
[White "Zheenbekov, Nurgazi"]
[Black "Brueckner, Thomas"]
[Result "0-1"]
[WhiteElo "2033"]
[BlackElo "2354"]
[PlyCount "102"]
[EventDate "2023.06.20"]
[EventType "swiss (blitz)"]
[EventRounds "11"]
[EventCountry "USA"]
[SourceTitle "EXT 2024"]
[Source "ChessBase"]
[SourceDate "2023.10.10"]
[SourceVersion "1"]
[SourceVersionDate "2023.10.10"]
[SourceQuality "1"]

1. Nf3 d5 2. g3 c5 3. Bg2 Nc6 4. 0-0 e6 5. d3 Nf6 6. Nbd2 Be7 7. e4 Qc7 8. Re1 b6 9. Qe2 Bb7 10. e5 Nd7 11. c3 g5 12. h3 0-0-0 13. Nf1 Rdg8 14. a3 h5 15. g4 hxg4 16. hxg4 Nf8 17. b4 Ng6 18. b5 Na5 19. N3h2 Nb3 20. Rb1 Nxc1 21. Rbxc1 Nf4 22. Qf3 Nxg2 23. Qxg2 d4 24. Qg3 dxc3 25. Rxc3 Rh4 26. f3 Rgh8 27. Re2 Rh3 28. Qe1 Kb8 29. Ng3 Qd7 30. Nh5 Qd4+ 31. Kg2 Rxh2+ 32. Kxh2 Bxf3 33. Re4 Bxe4 34. dxe4 Qxe5+ 35. Kg2 Rd8 36. Rf3 f6 37. Ng3 c4 38. a4 Bc5 39. a5 bxa5 40. b6 Bxb6 41. Nh5 Rd3 42. Qe2 Rxf3 43. Kxf3 Qc3+ 44. Kg2 Qd4 45. Qf3 c3 46. Nxf6 c2 47. Qa3 Qg1+ 48. Kh3 Qh1+ 49. Kg3 Bc7+ 50. e5 Bxe5+ 51. Kf2 Qh2+ 0-1

[Event "Titled Tuesday intern op 23rd May Early"]
[Site "Chess.com INT"]
[Date "2023.05.23"]
[Round "9"]
[White "Brueckner, Thomas"]
[Black "Vargas Rodriguez, Wilver"]
[Result "1/2-1/2"]
[WhiteElo "2360"]
[BlackElo "2332"]
[PlyCount "137"]
[EventDate "2023.05.23"]
[EventType "swiss (blitz)"]
[EventRounds "11"]
[EventCountry "USA"]
[SourceTitle "CBM 214 Extra"]
[Source "ChessBase"]
[SourceDate "2023.07.31"]
[SourceVersion "1"]
[SourceVersionDate "2023.07.31"]
[SourceQuality "1"]

1. e4 c5 2. Nf3 Nc6 3. d4 cxd4 4. Nxd4 Nf6 5. Nc3 e5 6. Ndb5 d6 7. Bg5 a6 8. Na3 b5 9. Bxf6 gxf6 10. Nd5 f5 11. g3 fxe4 12. Bg2 Bf5 13. c3 Bg7 14. Nc2 0-0 15. g4 Bg6 16. h4 h6 17. Nce3 Ne7 18. Nxe7+ Qxe7 19. Nf5 Bxf5 20. gxf5 Qd7 21. Bxe4 d5 22. Qxd5 Qxd5 23. Bxd5 Rad8 24. 0-0-0 Kh7 25. Rhg1 Bf6 26. h5 Bg5+ 27. Kc2 f6 28. Bb7 a5 29. Ba6 b4 30. Rxd8 Rxd8 31. Rd1 Rxd1 32. Kxd1 bxc3 33. bxc3 Kg7 34. Kc2 Kf8 35. Kd3 Ke7 36. Kc4 Bd2 37. Kd3 Be1 38. f3 Kd6 39. Kc4 Kc6 40. Bb5+ Kb6 41. a4 Kc7 42. Be8 Kd6 43. Kd3 Bg3 44. Kc4 Be1 45. Kd3 Bg3 46. Bb5 Be1 47. Kc2 Kc5 48. Kd3 Bg3 49. Bc4 Be1 50. Bf7 Bg3 51. Ke4 Be1 52. Kd3 Bg3 53. Be8 Be1 54. Bb5 Bg3 55. Ke4 Be1 56. c4 Bg3 57. Ke3 Bf4+ 58. Kf2 Bg5 59. Kg3 Bf4+ 60. Kg4 Bg5 61. Kh3 Bf4 62. Kg2 Bg5 63. Kf2 Bf4 64. Ke2 Bg5 65. Kd3 Bf4 66. Ke4 Bg5 67. Kd3 Bf4 68. Kc3 Bg5 69. Kd3 1/2-1/2

[Event "Titled Tuesday intern op 23rd May Early"]
[Site "Chess.com INT"]
[Date "2023.05.23"]
[Round "10"]
[White "Pinto, Daniel"]
[Black "Brueckner, Thomas"]
[Result "1-0"]
[WhiteElo "2274"]
[BlackElo "2360"]
[PlyCount "67"]
[EventDate "2023.05.23"]
[EventType "swiss (blitz)"]
[EventRounds "11"]
[EventCountry "USA"]
[SourceTitle "CBM 214 Extra"]
[Source "ChessBase"]
[SourceDate "2023.07.31"]
[SourceVersion "1"]
[SourceVersionDate "2023.07.31"]
[SourceQuality "1"]

1. Nf3 Nf6 2. g3 g6 3. Bg2 Bg7 4. 0-0 0-0 5. c4 d6 6. d4 Nc6 7. Nc3 e5 8. dxe5 dxe5 9. Bg5 Be6 10. Qc1 Qc8 11. c5 Nd7 12. Nd2 h6 13. Be3 f5 14. Rb1 f4 15. b4 fxe3 16. fxe3 Ne7 17. Rd1 Nf5 18. Nde4 Qe8 19. Nb5 Qc8 20. c6 bxc6 21. Qxc6 Nb6 22. Nxc7 Bxa2 23. Ra1 Bf7 24. Nc5 Nxe3 25. Nxa8 Nxd1 26. Rxd1 Qg4 27. Nxb6 axb6 28. Nd7 Rd8 29. Bf3 Qxb4 30. Rc1 Qe7 31. Rd1 Be6 32. Bd5 Kh7 33. Bxe6 Qxe6 34. Qxe6 1-0

[Event "Titled Tuesday intern op 09th May Early"]
[Site "Chess.com INT"]
[Date "2023.05.09"]
[Round "1"]
[White "Loiacono, Leonardo"]
[Black "Brueckner, Thomas"]
[Result "1-0"]
[WhiteElo "2301"]
[BlackElo "2360"]
[PlyCount "51"]
[EventDate "2023.05.09"]
[EventType "swiss (blitz)"]
[EventRounds "11"]
[EventCountry "USA"]
[SourceTitle "CBM 214 Extra"]
[Source "ChessBase"]
[SourceDate "2023.07.31"]
[SourceVersion "1"]
[SourceVersionDate "2023.07.31"]
[SourceQuality "1"]

1. d4 Nf6 2. c4 e6 3. Nc3 Bb4 4. Qc2 d5 5. a3 Bxc3+ 6. Qxc3 0-0 7. Bg5 h6 8. Bh4 c5 9. dxc5 d4 10. Qc2 e5 11. Rd1 a5 12. e3 Nc6 13. Nf3 Qe7 14. exd4 exd4+ 15. Be2 Re8 16. Bxf6 Qxf6 17. 0-0 Bf5 18. Bd3 Bxd3 19. Rxd3 Rad8 20. Rfd1 Qf5 21. h3 Qxc5 22. Qa4 Rd7 23. Nxd4 Red8 24. Nxc6 Rxd3 25. Nxd8 b5 26. Qc2 1-0

[Event "Titled Tuesday intern op 09th May Early"]
[Site "Chess.com INT"]
[Date "2023.05.09"]
[Round "11"]
[White "Van Baar, Esper"]
[Black "Brueckner, Thomas"]
[Result "1/2-1/2"]
[WhiteElo "2180"]
[BlackElo "2360"]
[PlyCount "126"]
[EventDate "2023.05.09"]
[EventType "swiss (blitz)"]
[EventRounds "11"]
[EventCountry "USA"]
[SourceTitle "CBM 214 Extra"]
[Source "ChessBase"]
[SourceDate "2023.07.31"]
[SourceVersion "1"]
[SourceVersionDate "2023.07.31"]
[SourceQuality "1"]

1. e4 e5 2. Nf3 Nc6 3. Bb5 a6 4. Ba4 Nf6 5. 0-0 Be7 6. d3 b5 7. Bb3 d6 8. a4 Bd7 9. Nc3 Na5 10. Ba2 b4 11. Nd5 Nxd5 12. Bxd5 c6 13. Ba2 c5 14. Be3 0-0 15. Nd2 Nc6 16. Bd5 a5 17. f4 exf4 18. Bxf4 Ra6 19. Nc4 Be6 20. Ne3 Bf6 21. Rb1 Ne7 22. Bxe6 fxe6 23. Qg4 Qc8 24. Bg5 Ng6 25. Bxf6 Rxf6 26. Rxf6 gxf6 27. Rf1 Ra7 28. Rxf6 Re7 29. Nd5 Rf7 30. Qxe6 Qxe6 31. Rxe6 Ne5 32. Rxd6 c4 33. dxc4 Nxc4 34. Rd8+ Kg7 35. h4 Nxb2 36. Ra8 Nxa4 37. Rxa5 Nc3 38. Nxc3 bxc3 39. Rc5 Re7 40. Rc4 Kg6 41. Kf2 Kh5 42. Kf3 Rf7+ 43. Ke3 Kxh4 44. Rxc3 Kg3 45. Rc6 Kxg2 46. Rh6 Kg3 47. e5 Kg4 48. e6 Re7 49. c4 Kg5 50. Rh3 Rxe6+ 51. Kd4 h5 52. Kd5 Rf6 53. c5 Kg4 54. Re3 h4 55. Re6 Rf1 56. c6 Rc1 57. Rh6 h3 58. Kd6 Kg3 59. c7 Rxc7 60. Kxc7 h2 61. Rg6+ Kf2 62. Rh6 Kg2 63. Rxh2+ Kxh2 1/2-1/2

[Event "Augsburg 35th"]
[Site "Augsburg"]
[Date "2023.01.01"]
[Round "6"]
[White "Fauth, Dietmar"]
[Black "Brueckner, Thomas"]
[Result "1/2-1/2"]
[WhiteElo "2109"]
[BlackElo "2372"]
[PlyCount "93"]
[EventDate "2022.12.27"]
[EventType "tourn"]
[EventRounds "7"]
[EventCountry "GER"]
[SourceTitle "CBM 212 Extra"]
[Source "ChessBase"]
[SourceDate "2023.03.31"]
[SourceVersion "1"]
[SourceVersionDate "2023.03.31"]
[SourceQuality "1"]

1. e4 e5 2. Nf3 Nc6 3. Bc4 Nf6 4. d3 Bc5 5. 0-0 d6 6. c3 a6 7. a4 Ba7 8. Re1 h6 9. b4 0-0 10. h3 Ne7 11. Nbd2 Ng6 12. Nf1 c6 13. Bb3 d5 14. Qc2 Re8 15. Be3 d4 16. Bd2 Nh5 17. N1h2 Nhf4 18. Rad1 Qc7 19. Ng4 h5 20. Ngh2 Qe7 21. Nf1 Qf6 22. N1h2 Bd7 23. a5 Rac8 24. cxd4 exd4 25. Bc4 Rcd8 26. Bc1 Bb8 27. Qb2 Bc8 28. Qb3 Ne6 29. Rf1 Ngf4 30. Rde1 Qg6 31. Bxf4 Nxf4 32. Nh4 Nxh3+ 33. Kh1 Qf6 34. gxh3 Qxh4 35. Bxf7+ Kh8 36. f4 Bxh3 37. Bxe8 Rxe8 38. Qf7 Rd8 39. Rg1 Bg4 40. Ref1 Bd6 41. Qxb7 Rd7 42. Rxg4 hxg4 43. Qxd7 g3 44. Qc8+ Kh7 45. Qf5+ Kh8 46. Qc8+ Kh7 47. Qf5+ 1/2-1/2

[Event "Titled Tuesday intern op 01st Nov Early"]
[Site "Chess.com INT"]
[Date "2022.11.01"]
[Round "5"]
[White "Brueckner, Thomas"]
[Black "Bilan, Danila"]
[Result "0-1"]
[WhiteElo "2372"]
[BlackElo "2303"]
[PlyCount "66"]
[EventDate "2022.11.01"]
[EventType "swiss (blitz)"]
[EventRounds "11"]
[EventCountry "USA"]
[SourceTitle "EXT 2024"]
[Source "ChessBase"]
[SourceDate "2023.10.10"]
[SourceVersion "1"]
[SourceVersionDate "2023.10.10"]
[SourceQuality "1"]

1. e4 c6 2. d4 d5 3. Nd2 dxe4 4. Nxe4 Bf5 5. Ng3 Bg6 6. h4 h6 7. Nf3 Nd7 8. h5 Bh7 9. Bd3 Bxd3 10. Qxd3 Qc7 11. Bd2 e6 12. 0-0-0 Bd6 13. Ne4 Ngf6 14. Nxd6+ Qxd6 15. g3 Qd5 16. c4 Qe4 17. Qxe4 Nxe4 18. Be3 b5 19. b3 0-0 20. Kc2 Nb6 21. Ne5 Rac8 22. Kd3 Nf6 23. Rc1 Rfd8 24. Ke2 Ne4 25. Rc2 bxc4 26. bxc4 Nd7 27. Nxd7 Rxd7 28. Rd1 Rb7 29. g4 Rcb8 30. f3 Rb2 31. Rdc1 Nc3+ 32. Kd3 Nxa2 33. Ra1 Nb4+ 0-1

[Event "Titled Tuesday intern op 01st Nov Early"]
[Site "Chess.com INT"]
[Date "2022.11.01"]
[Round "2"]
[White "Csonka, Balazs"]
[Black "Brueckner, Thomas"]
[Result "1-0"]
[WhiteElo "2497"]
[BlackElo "2372"]
[PlyCount "137"]
[EventDate "2022.11.01"]
[EventType "swiss (blitz)"]
[EventRounds "11"]
[EventCountry "USA"]
[SourceTitle "EXT 2024"]
[Source "ChessBase"]
[SourceDate "2023.10.10"]
[SourceVersion "1"]
[SourceVersionDate "2023.10.10"]
[SourceQuality "1"]

1. e4 e5 2. Nf3 Nc6 3. Bb5 a6 4. Ba4 Nf6 5. 0-0 b5 6. Bb3 Bc5 7. a4 Rb8 8. c3 d6 9. d4 Bb6 10. a5 Ba7 11. h3 h6 12. Be3 Ra8 13. dxe5 Nxe5 14. Nxe5 dxe5 15. Qxd8+ Kxd8 16. Bxa7 Rxa7 17. Bxf7 Ke7 18. Bg6 Rd8 19. Na3 c5 20. Nc2 Rd2 21. Rac1 Be6 22. b4 Rc7 23. Ne3 c4 24. Rfd1 Rd3 25. Kf1 Bc8 26. Ke2 Rcd7 27. Bf5 Rxd1 28. Rxd1 Rxd1 29. Kxd1 Bb7 30. f3 Kf7 31. h4 g6 32. Bh3 h5 33. Ke1 Ke7 34. g3 Kf7 35. Bg2 Ke7 36. Kf2 Kd6 37. Nf1 Bc6 38. Nd2 Bb7 39. Ke3 Bc6 40. Bh3 Bb7 41. f4 Ng4+ 42. Bxg4 hxg4 43. Nf1 Bc8 44. Nh2 Be6 45. Nf1 Bc8 46. Nd2 Be6 47. Nb1 Bc8 48. Na3 Bd7 49. Nc2 Bc8 50. Ne1 Bd7 51. Kf2 Bc8 52. Nc2 Bb7 53. Ke3 Ke6 54. Na3 Kd6 55. Nb1 Ke6 56. Nd2 Kd6 57. Nf1 Ke6 58. Nh2 exf4+ 59. Kxf4 Kf7 60. Nxg4 Bc8 61. Ne5+ Kf6 62. g4 Be6 63. g5+ Kg7 64. Nf3 Kf7 65. Nd4 Bd7 66. Ke5 Ke7 67. Ne2 Bg4 68. Nf4 Bd7 69. Nxg6+ 1-0

[Event "Titled Tuesday intern op 01st Nov Early"]
[Site "Chess.com INT"]
[Date "2022.11.01"]
[Round "11"]
[White "Matveeva, Olga"]
[Black "Brueckner, Thomas"]
[Result "1/2-1/2"]
[WhiteElo "2111"]
[BlackElo "2372"]
[PlyCount "71"]
[EventDate "2022.11.01"]
[EventType "swiss (blitz)"]
[EventRounds "11"]
[EventCountry "USA"]
[SourceTitle "EXT 2024"]
[Source "ChessBase"]
[SourceDate "2023.10.10"]
[SourceVersion "1"]
[SourceVersionDate "2023.10.10"]
[SourceQuality "1"]

1. d4 Nf6 2. c4 g6 3. g3 Bg7 4. Bg2 0-0 5. Nf3 d6 6. 0-0 Nc6 7. Nc3 e5 8. d5 Nb8 9. e4 a5 10. Ne1 Na6 11. Nd3 Nd7 12. f4 exf4 13. Bxf4 Nac5 14. Kh1 Nxd3 15. Qxd3 Ne5 16. Qe2 Bg4 17. Qf2 Nxc4 18. h3 Bd7 19. Rac1 Ne5 20. Qd2 a4 21. Bh6 b5 22. Bxg7 Kxg7 23. Ne2 h5 24. Nd4 h4 25. g4 g5 26. Rf2 f6 27. Bf1 Rb8 28. Qc3 Rb7 29. Be2 b4 30. Qe3 Qe7 31. Kg2 Kg6 32. Ba6 Rb6 33. Bd3 Rb7 34. Ba6 Rb6 35. Bd3 Rb7 36. Ba6 1/2-1/2

[Event "Mittelfrank Regionalliga Sud-West 2122"]
[Site "Mittelfranken"]
[Date "2022.05.29"]
[Round "9.4"]
[White "Brueckner, Thomas"]
[Black "Zinke, Thomas"]
[Result "1-0"]
[WhiteElo "2278"]
[BlackElo "1974"]
[PlyCount "63"]
[EventDate "2021.10.24"]
[EventType "team-tourn"]
[EventRounds "9"]
[EventCountry "GER"]
[SourceTitle "EXT 2024"]
[Source "ChessBase"]
[SourceDate "2023.10.10"]
[SourceVersion "1"]
[SourceVersionDate "2023.10.10"]
[SourceQuality "1"]
[WhiteTeam "Augsburg Schachfreunde"]
[BlackTeam "Muenchen Suedost II"]
[WhiteTeamCountry "GER"]
[BlackTeamCountry "GER"]

1. e4 c5 2. Nf3 d6 3. d4 cxd4 4. Nxd4 Nf6 5. Nc3 g6 6. Be3 Bg7 7. f3 0-0 8. Qd2 Nc6 9. 0-0-0 d5 10. Nxc6 bxc6 11. Bh6 Bxh6 12. Qxh6 e5 13. exd5 cxd5 14. Qg5 Re8 15. Bb5 Bd7 16. Bxd7 Nxd7 17. Qxd8 Rexd8 18. Rxd5 Kf8 19. Rhd1 Ke7 20. g4 f6 21. Ne4 Rab8 22. b3 f5 23. gxf5 gxf5 24. Ng3 f4 25. Ne4 Rbc8 26. Nd6 Rc7 27. Nc4 Rg8 28. Nxe5 Nf6 29. R5d2 Ke6 30. Re1 Kf5 31. Nd3 Nd7 32. Re4 1-0

[Event "Mittelfrank Regionalliga Sud-West 2122"]
[Site "Mittelfranken"]
[Date "2021.10.24"]
[Round "1.5"]
[White "Brueckner, Thomas"]
[Black "Cuadrado, Guillermo"]
[Result "1/2-1/2"]
[WhiteElo "2278"]
[BlackElo "2028"]
[PlyCount "72"]
[EventDate "2021.10.24"]
[EventType "team-tourn"]
[EventRounds "9"]
[EventCountry "GER"]
[SourceTitle "EXT 2024"]
[Source "ChessBase"]
[SourceDate "2023.10.10"]
[SourceVersion "1"]
[SourceVersionDate "2023.10.10"]
[SourceQuality "1"]
[WhiteTeam "Augsburg Schachfreunde"]
[BlackTeam "Altstadt Roter Turm"]
[WhiteTeamCountry "GER"]
[BlackTeamCountry "GER"]

1. e4 d6 2. d4 Nf6 3. Nc3 e5 4. Nf3 Nbd7 5. a4 Be7 6. Bc4 0-0 7. 0-0 c6 8. h3 Re8 9. Re1 h6 10. Be3 Bf8 11. a5 exd4 12. Bxd4 b5 13. axb6 Nxb6 14. Bb3 Be6 15. Bxf6 Qxf6 16. Bxe6 Qxe6 17. Nd4 Qd7 18. Qg4 Qb7 19. Rad1 Nc4 20. b3 Ne5 21. Qg3 g6 22. Nf5 Qc7 23. Kh1 Kh7 24. Ne3 Rad8 25. f4 Nd7 26. e5 dxe5 27. f5 Nf6 28. fxg6+ fxg6 29. Ng4 Nxg4 30. Qxg4 Bg7 31. Ne4 Rxd1 32. Rxd1 Rd8 33. Rf1 Qe7 34. h4 Rf8 35. Rxf8 Qxf8 36. Qe2 Qf4 1/2-1/2

[Event "GER CupT 1920 prel8"]
[Site "Leinfelden"]
[Date "2020.01.11"]
[Round "1.2"]
[White "Brueckner, Thomas"]
[Black "Lang, Matthias"]
[Result "1/2-1/2"]
[WhiteElo "2368"]
[BlackElo "2159"]
[PlyCount "65"]
[EventDate "2020.01.11"]
[EventType "team-k.o."]
[EventRounds "2"]
[EventCountry "GER"]
[SourceTitle "EXT 2021"]
[Source "ChessBase"]
[SourceDate "2020.10.23"]
[SourceVersion "1"]
[SourceVersionDate "2020.10.23"]
[SourceQuality "1"]
[WhiteTeam "Augsburg"]
[BlackTeam "Landau"]
[WhiteTeamCountry "GER"]
[BlackTeamCountry "GER"]

1. d4 g6 2. Nf3 Bg7 3. Bf4 c5 4. c3 d5 5. e3 Qb6 6. Qb3 c4 7. Qxb6 axb6 8. Na3 Bd7 9. Ne5 f6 10. Nxd7 Kxd7 11. e4 e6 12. exd5 exd5 13. Be2 Ne7 14. h4 Kc6 15. Bf3 b5 16. Nc2 Na6 17. a3 Rad8 18. Kd2 Nf5 19. Rae1 Rhe8 20. g4 Nd6 21. h5 Rxe1 22. Rxe1 Re8 23. Rxe8 Nxe8 24. Ne3 Nac7 25. Bd1 Nd6 26. Bxd6 Kxd6 27. hxg6 hxg6 28. Bc2 Bh6 29. Bxg6 Ne6 30. Be8 Nc7 31. Bg6 Ne6 32. Be8 Nc7 33. Bg6 1/2-1/2

[Event "Titled Tuesday intern op 12th Dec"]
[Site "Chess.com INT"]
[Date "2017.12.12"]
[Round "8"]
[White "Brueckner, Thomas"]
[Black "Banzea, Alexandru Bogdan"]
[Result "1-0"]
[WhiteElo "2375"]
[BlackElo "2304"]
[PlyCount "113"]
[EventDate "2017.12.12"]
[EventType "swiss (blitz)"]
[EventRounds "10"]
[EventCountry "USA"]
[SourceTitle "EXT 2021"]
[Source "ChessBase"]
[SourceDate "2020.10.23"]
[SourceVersion "1"]
[SourceVersionDate "2020.10.23"]
[SourceQuality "1"]

1. d4 Nf6 2. Nf3 e6 3. g3 d5 4. Bg2 Be7 5. 0-0 0-0 6. c4 dxc4 7. Qc2 a6 8. a4 Bd7 9. Qxc4 Bc6 10. Bg5 Nbd7 11. Nc3 h6 12. Bxf6 Nxf6 13. Ne5 Bxg2 14. Kxg2 a5 15. Rfd1 c6 16. Qb3 Qc7 17. Rac1 Rfd8 18. e3 Nd5 19. Nd3 Ra6 20. Nc5 Rb6 21. Qc2 Rb4 22. Nd3 Rb6 23. Nc5 Qb8 24. Qe2 Rb4 25. Ra1 Qa7 26. Nd3 Rb3 27. Qc2 Qb6 28. Rab1 Bg5 29. Re1 Be7 30. Nc1 Rb4 31. Nd3 Rc4 32. Qd1 Qa6 33. Ne4 b6 34. b3 Nc3 35. Nxc3 Rxc3 36. Ne5 Bb4 37. Qf3 Qb7 38. Rec1 Rd5 39. Rxc3 Bxc3 40. Rc1 f6 41. Nd3 Bd2 42. Rc2 Bb4 43. Nf4 Rd6 44. Qg4 Qf7 45. Qf3 g5 46. Nd3 e5 47. Rxc6 Rxc6 48. Qxc6 Qxb3 49. Nxb4 axb4 50. Qe8+ Kg7 51. Qe7+ Kg6 52. dxe5 fxe5 53. Qd6+ Kf5 54. Qd7+ Ke4 55. Qh7+ Kd5 56. Qf7+ Ke4 57. Qxb3 1-0

[Event "Titled Tuesday intern op 12th Dec"]
[Site "Chess.com INT"]
[Date "2017.12.12"]
[Round "1"]
[White "Vrolijk, Liam"]
[Black "Brueckner, Thomas"]
[Result "1-0"]
[WhiteElo "2410"]
[BlackElo "2375"]
[PlyCount "61"]
[EventDate "2017.12.12"]
[EventType "swiss (blitz)"]
[EventRounds "10"]
[EventCountry "USA"]
[SourceTitle "EXT 2021"]
[Source "ChessBase"]
[SourceDate "2020.10.23"]
[SourceVersion "1"]
[SourceVersionDate "2020.10.23"]
[SourceQuality "1"]

1. d4 d5 2. c4 e6 3. Nf3 Nf6 4. Nc3 c6 5. Bg5 Be7 6. e3 Nbd7 7. Qc2 h6 8. Bh4 0-0 9. Be2 b6 10. 0-0 Bb7 11. Rad1 Rc8 12. e4 Nxe4 13. Bxe7 Qxe7 14. Nxe4 dxe4 15. Qxe4 Nf6 16. Qe3 Rfe8 17. c5 Nd5 18. Qa3 b5 19. Bd3 a5 20. Bb1 a4 21. Qd3 Nf6 22. Ne5 Red8 23. Rfe1 Rd5 24. Qe3 Rdd8 25. Qg3 Nd7 26. Ng4 Qg5 27. f4 Qh5 28. Be4 Kh8 29. Bf3 Qg6 30. Qh4 Nf6 31. Ne5 1-0

[Event "Titled Tuesday intern op 6th June"]
[Site "Chess.com INT"]
[Date "2017.06.06"]
[Round "3"]
[White "Brueckner, Thomas"]
[Black "Korba, Nicky"]
[Result "0-1"]
[WhiteElo "2375"]
[BlackElo "2171"]
[PlyCount "76"]
[EventDate "2017.06.06"]
[EventType "swiss (blitz)"]
[EventRounds "10"]
[EventCountry "USA"]
[SourceTitle "EXT 2021"]
[Source "ChessBase"]
[SourceDate "2020.10.23"]
[SourceVersion "1"]
[SourceVersionDate "2020.10.23"]
[SourceQuality "1"]

1. d4 Nf6 2. Nf3 g6 3. c4 Bg7 4. g3 0-0 5. Bg2 d5 6. cxd5 Nxd5 7. 0-0 Nb6 8. Nc3 Nc6 9. d5 Na5 10. e4 c6 11. Bf4 cxd5 12. exd5 Nac4 13. Qe2 Nxb2 14. Be5 N2c4 15. Bxg7 Kxg7 16. Ne5 Nxe5 17. Qxe5+ f6 18. Qe2 Bd7 19. Rfe1 Re8 20. Rad1 Nc8 21. Ne4 Nd6 22. Nc5 b6 23. Ne6+ Bxe6 24. dxe6 Rc8 25. h4 Qc7 26. h5 Qc4 27. hxg6 Qxe2 28. Rxe2 hxg6 29. Red2 Red8 30. Bd5 Rc5 31. Bb3 b5 32. Rd5 Rxd5 33. Rxd5 a5 34. a3 Rc8 35. Kg2 f5 36. Kf1 Kf6 37. Rd3 Ne4 38. Rd7 Nc5 0-1

[Event "Titled Tuesday intern op 6th June"]
[Site "Chess.com INT"]
[Date "2017.06.06"]
[Round "9"]
[White "Nikolova, Adriana"]
[Black "Brueckner, Thomas"]
[Result "1-0"]
[WhiteElo "2322"]
[BlackElo "2375"]
[PlyCount "59"]
[EventDate "2017.06.06"]
[EventType "swiss (blitz)"]
[EventRounds "10"]
[EventCountry "USA"]
[SourceTitle "EXT 2021"]
[Source "ChessBase"]
[SourceDate "2020.10.23"]
[SourceVersion "1"]
[SourceVersionDate "2020.10.23"]
[SourceQuality "1"]

1. e4 e5 2. Nf3 Nc6 3. Nc3 Nf6 4. Bb5 Bc5 5. Nxe5 Nxe5 6. d4 a6 7. Be2 Bd6 8. f4 Nc6 9. e5 Be7 10. d5 Na5 11. exf6 Bxf6 12. d6 cxd6 13. Qxd6 Be7 14. Qe5 0-0 15. 0-0 Nc6 16. Qh5 g6 17. Qh6 d5 18. Rd1 d4 19. Ne4 Bf5 20. Ng5 Bxg5 21. fxg5 Bxc2 22. Rd2 d3 23. Bf3 Re8 24. Qh4 Qd4+ 25. Qxd4 Nxd4 26. Kf2 Nxf3 27. gxf3 Re5 28. b3 Rxg5 29. Rxc2 dxc2 30. Bxg5 1-0

[Event "Titled Tuesday intern op 6th June"]
[Site "Chess.com INT"]
[Date "2017.06.06"]
[Round "6"]
[White "Seul, Georg"]
[Black "Brueckner, Thomas"]
[Result "1-0"]
[WhiteElo "2396"]
[BlackElo "2375"]
[PlyCount "31"]
[EventDate "2017.06.06"]
[EventType "swiss (blitz)"]
[EventRounds "10"]
[EventCountry "USA"]
[SourceTitle "EXT 2021"]
[Source "ChessBase"]
[SourceDate "2020.10.23"]
[SourceVersion "1"]
[SourceVersionDate "2020.10.23"]
[SourceQuality "1"]

1. e4 e5 2. Nc3 Bc5 3. Bc4 Nf6 4. d3 a6 5. Be3 Bxe3 6. fxe3 b5 7. Bb3 b4 8. Nce2 d5 9. Nf3 0-0 10. Nxe5 Re8 11. Nf3 dxe4 12. dxe4 Qxd1+ 13. Rxd1 Bb7 14. e5 Ng4 15. Rd4 Nxe5 16. Nxe5 1-0

[Event "Titled Tuesday intern op 2nd May"]
[Site "Chess.com INT"]
[Date "2017.05.02"]
[Round "6"]
[White "Brueckner, Thomas"]
[Black "Beukes, Dante M"]
[Result "1-0"]
[WhiteElo "2375"]
[BlackElo "1636"]
[PlyCount "77"]
[EventDate "2017.05.02"]
[EventType "swiss (blitz)"]
[EventRounds "10"]
[EventCountry "USA"]
[SourceTitle "EXT 2021"]
[Source "ChessBase"]
[SourceDate "2020.10.23"]
[SourceVersion "1"]
[SourceVersionDate "2020.10.23"]
[SourceQuality "1"]

1. d4 Nf6 2. Nf3 g6 3. c4 Bg7 4. g3 0-0 5. Bg2 c5 6. Nc3 d6 7. 0-0 Nc6 8. dxc5 dxc5 9. Bf4 Be6 10. Qa4 Qa5 11. Qb5 Qxb5 12. cxb5 Nd4 13. Ng5 Bc8 14. e3 h6 15. Nxf7 Kxf7 16. exd4 cxd4 17. Nd5 Nxd5 18. Bxd5+ e6 19. Be4 e5 20. Bd2 Rb8 21. Rac1 Bf5 22. Rc7+ Kg8 23. f3 Bxe4 24. fxe4 Rxf1+ 25. Kxf1 g5 26. Ke2 a6 27. b6 Bf6 28. Ba5 Bg7 29. Kd3 Kh7 30. Bb4 Kg6 31. a4 Bf6 32. Bc5 Bd8 33. Rd7 Bf6 34. b4 a5 35. bxa5 Rc8 36. Rc7 Rb8 37. a6 bxa6 38. b7 Bd8 39. Rd7 1-0

[Event "Titled Tuesday intern op 2nd May"]
[Site "Chess.com INT"]
[Date "2017.05.02"]
[Round "8"]
[White "Brueckner, Thomas"]
[Black "Indricans, Olgerts"]
[Result "0-1"]
[WhiteElo "2375"]
[BlackElo "1776"]
[PlyCount "60"]
[EventDate "2017.05.02"]
[EventType "swiss (blitz)"]
[EventRounds "10"]
[EventCountry "USA"]
[SourceTitle "EXT 2021"]
[Source "ChessBase"]
[SourceDate "2020.10.23"]
[SourceVersion "1"]
[SourceVersionDate "2020.10.23"]
[SourceQuality "1"]

1. d4 Nf6 2. Nf3 g6 3. c4 Bg7 4. g3 0-0 5. Bg2 d6 6. Nc3 Nc6 7. 0-0 a6 8. Bf4 Bf5 9. Rc1 Ne4 10. Nxe4 Bxe4 11. d5 Bxf3 12. exf3 Nd4 13. Qd2 c5 14. dxc6 bxc6 15. Rfe1 c5 16. Bg5 Ra7 17. h4 Rb7 18. b3 a5 19. h5 a4 20. hxg6 hxg6 21. bxa4 Rb2 22. Qd3 Ne6 23. Rxe6 fxe6 24. Bh3 Rf5 25. Bxf5 gxf5 26. Rb1 Rxa2 27. Rb7 Bd4 28. Be3 Bf6 29. Qb3 Rb2 30. Rb8 Qxb8 0-1